| 000 | 00635nam a2200229Ia 4500 | ||
|---|---|---|---|
| 003 | OSt | ||
| 005 | 20230401090821.0 | ||
| 008 | 210423s2005 xx 000 0 und d | ||
| 020 | _a9788131502747 | ||
| 040 | _cAL | ||
| 041 | _aeng | ||
| 082 | _a336 HYMD | ||
| 100 |
_aHYMAN (David N) _981287 |
||
| 245 | _aPublic finance: contemporary application of theory to policy | ||
| 260 |
_aAustralia _bThomson _c2005 |
||
| 300 |
_axxi,741 _bPB |
||
| 365 |
_b450 _cINR |
||
| 650 |
_aEconomics _981288 |
||
| 650 |
_aPublic Finance _981289 |
||
| 906 | _aapplication ; contemporary ; finance: ; policy ; Public ; theory | ||
| 942 |
_2ddc _cBK |
||
| 999 |
_c157770 _d157770 |
||